Träume im Gepäck : Erzählungen /

Hlavní autor: Kraft, Ruth, 1920-2015
Jazyk: Němčina
Vydáno: Berlin : Der Morgen, 1972
Vydání: 2. Aufl.
Fyzický popis: 206 s.
Knihy
Uloženo v:
LEADER 00612nam a22002052a 4500
001 001282040
003 CZ BrMZK
005 20130301144456.0
007 ta
008 130301s1972 gw er 000 0 ger d
040 |a BOA001  |b cze 
100 1 |a Kraft, Ruth,  |d 1920-2015  |7 kup19980000051918  |4 aut 
245 1 0 |a Träume im Gepäck :  |b Erzählungen /  |c Ruth Kraft 
250 |a 2. Aufl. 
260 |a Berlin :  |b Der Morgen,  |c 1972 
300 |a 206 s. 
910 |a BOA001  |b 2-0691.529 
990 |a BK 
991 |b 201303 
996 7 |b 2619676763  |c 2-0691.529  |l Sklad H1  |r Sklad / do 24 hodin  |n 0  |h HS212  |w 001316409  |u 000010  |a 1  |e BOA001  |j MZK50  |s A